| 000 | 00477nam a2200169Ia 4500 | ||
|---|---|---|---|
| 003 | OSt | ||
| 005 | 20260112143035.0 | ||
| 008 | Pun | ||
| 037 | _cTextual | ||
| 040 |
_aARTS _cARTS _bPun |
||
| 041 |
_2Pun _aPun |
||
| 084 | _qTB | ||
| 245 | 0 | _aਨਿਬੰਧ ਮਾਲਾ | |
| 260 |
_c1963. _bਸਾਹਿਤ ਅਕੈਡਮੀ, |
||
| 942 |
_hO157,6M61x, 153K3.1-.2 _cTB _2CC _n0 |
||
| 999 |
_c388071 _d388071 |
||